[Event "Barcelona Sant Marti op 21st"]
[Site "Barcelona"]
[Date "2019.07.18"]
[Round "6"]
[White "Pena Mor, David"]
[Black "Vaklinov, Vasil"]
[Result "0-1"]
[WhiteElo "1926"]
[BlackElo "2104"]
[PlyCount "104"]
[EventDate "2019.07.13"]
[EventType "swiss"]
[EventRounds "9"]
[EventCountry "ESP"]
[SourceTitle "EXT 2020"]
[Source "ChessBase"]
[SourceDate "2019.10.17"]
[SourceVersion "1"]
[SourceVersionDate "2019.10.17"]
[SourceQuality "1"]

1. d4 d6 2. Nf3 g6 3. g3 Bg7 4. Bg2 Nf6 5. 0-0 0-0 6. c3 Nbd7 7. Qc2 e5 8. Nbd2 Re8 9. e3 Qe7 10. a4 e4 11. Ng5 d5 12. Nh3 c5 13. b3 a5 14. Ba3 b6 15. c4 Bb7 16. Nf4 Rac8 17. Ne2 Qe6 18. Rae1 g5 19. Bb2 Ba6 20. Rc1 h5 21. Qb1 Qg4 22. Rce1 h4 23. f3 exf3 24. Rxf3 h3 25. Bh1 Qe6 26. Nf1 dxc4 27. dxc5 bxc5 28. bxc4 Bb7 29. Rxf6 Bxf6 30. Bxb7 Rb8 31. Bd5 Rxb2 32. Qxb2 Bxb2 33. Bxe6 Rxe6 34. Rb1 Ba3 35. Nc3 Bb4 36. Nd5 Re4 37. Kf2 Rxc4 38. Rd1 Ne5 39. g4 Kg7 40. Kg3 Nxg4 41. Nb6 Re4 42. Kf3 f5 43. Rd7+ Kf6 44. Nd5+ Ke6 45. Rd8 Ne5+ 46. Ke2 f4 47. Nc7+ Kf5 48. Rg8 c4 49. Nb5 Kg4 50. Nd4 Nd3 51. Rc8 Nc5 52. Nb5 Nxa4 0-1

[Event "Barcelona Sant Marti op-A 20th"]
[Site "Barcelona"]
[Date "2018.07.20"]
[Round "8"]
[White "Riu Lopez, Sergio"]
[Black "Pena Mor, David"]
[Result "0-1"]
[WhiteElo "1932"]
[BlackElo "1858"]
[PlyCount "110"]
[EventDate "2018.07.13"]
[EventType "swiss"]
[EventRounds "9"]
[EventCountry "ESP"]
[SourceTitle "CBM 185 Extra"]
[Source "ChessBase"]
[SourceDate "2018.07.29"]
[SourceVersion "1"]
[SourceVersionDate "2018.07.29"]
[SourceQuality "1"]

1. e4 e5 2. Nf3 Nc6 3. Bb5 a6 4. Ba4 Nf6 5. 0-0 Be7 6. Re1 d6 7. c3 b5 8. Bb3 0-0 9. h3 Na5 10. Bc2 c5 11. d4 Qc7 12. Nbd2 Re8 13. Nf1 h6 14. Ng3 Bf8 15. d5 c4 16. Be3 g6 17. Nh2 Nb7 18. f4 exf4 19. Bxf4 Nc5 20. Nf3 Bb7 21. Qd4 Nfd7 22. a4 Bg7 23. Qd2 Kh7 24. axb5 axb5 25. Kh1 Nb6 26. Nd4 Qd7 27. Qf2 Rxa1 28. Rxa1 Nba4 29. Bxa4 Nd3 30. Qd2 bxa4 31. Rf1 Ra8 32. Nge2 Qe7 33. Ng3 h5 34. Nb5 Be5 35. Bxe5 Nxe5 36. Qf4 Kg7 37. Ne2 Nd3 38. Qxd6 Qxe4 39. Qf6+ Kh6 40. Qf3 Qxf3 41. Rxf3 Bxd5 42. Rf6 Kg5 43. Rb6 Re8 44. Nbd4 Ne1 45. Rb5 Re5 46. Kg1 Kf6 47. Nf4 Ba8 48. Rb4 Nd3 49. Rb6+ Kg5 50. Nf3+ Bxf3 51. Nxd3 cxd3 52. gxf3 Re1+ 53. Kf2 d2 54. Rb5+ Kf6 55. Rb6+ Kg7 0-1

[Event "Barcelona Sant Marti op-A 20th"]
[Site "Barcelona"]
[Date "2018.07.17"]
[Round "5"]
[White "Pena Mor, David"]
[Black "Guix Torres, David"]
[Result "0-1"]
[WhiteElo "1858"]
[BlackElo "2059"]
[PlyCount "52"]
[EventDate "2018.07.13"]
[EventType "swiss"]
[EventRounds "9"]
[EventCountry "ESP"]
[SourceTitle "CBM 185 Extra"]
[Source "ChessBase"]
[SourceDate "2018.07.29"]
[SourceVersion "1"]
[SourceVersionDate "2018.07.29"]
[SourceQuality "1"]

1. d4 Nf6 2. c4 c5 3. d5 b5 4. Qc2 bxc4 5. e4 e6 6. Bxc4 exd5 7. exd5 d6 8. Ne2 Be7 9. 0-0 0-0 10. Nbc3 Nbd7 11. Ng3 Nb6 12. b3 Bb7 13. Qd3 Ng4 14. Nf5 Bf6 15. Qg3 Nxc4 16. bxc4 Bc8 17. Qxg4 Bxc3 18. Bg5 Qd7 19. Rac1 Bd4 20. Ne7+ Qxe7 21. Bxe7 Bxg4 22. Bxf8 Kxf8 23. Rb1 Be2 24. Rfc1 Re8 25. Rb7 Bd3 26. Rxa7 Re2 0-1

[Event "Barcelona Sant Marti op-A 20th"]
[Site "Barcelona"]
[Date "2018.07.15"]
[Round "3"]
[White "Pena Mor, David"]
[Black "Low, Kevin"]
[Result "0-1"]
[WhiteElo "1858"]
[BlackElo "2122"]
[PlyCount "64"]
[EventDate "2018.07.13"]
[EventType "swiss"]
[EventRounds "9"]
[EventCountry "ESP"]
[SourceTitle "CBM 185 Extra"]
[Source "ChessBase"]
[SourceDate "2018.07.29"]
[SourceVersion "1"]
[SourceVersionDate "2018.07.29"]
[SourceQuality "1"]

1. d4 Nf6 2. c4 e6 3. Nf3 b6 4. g3 Bb7 5. Bg2 Be7 6. Nc3 Ne4 7. Nxe4 Bxe4 8. 0-0 0-0 9. b3 d6 10. Bb2 Nd7 11. Qd2 c5 12. Rad1 Qc7 13. Qe3 Bb7 14. d5 e5 15. Nxe5 dxe5 16. d6 Bxd6 17. Bxb7 Rad8 18. Bd5 Nf6 19. Rd2 Qe7 20. Rfd1 Kh8 21. f3 Nh5 22. Qf2 f5 23. e3 Bc7 24. e4 Rd6 25. exf5 Rxf5 26. Be4 Rf8 27. Rd5 Nf6 28. Rxd6 Nxe4 29. Rd7 Nxf2 30. Rxe7 Nxd1 31. Rxc7 Nxb2 32. Rxa7 h6 0-1

[Event "Barcelona Primavera La Lira op 11th"]
[Site "Barcelona"]
[Date "2018.05.17"]
[Round "6"]
[White "Pena Mor, David"]
[Black "Hernandez Funes, Hector"]
[Result "1-0"]
[WhiteElo "1856"]
[BlackElo "1899"]
[PlyCount "53"]
[EventDate "2018.04.12"]
[EventType "swiss"]
[EventRounds "9"]
[EventCountry "ESP"]
[SourceTitle "CBM 184 Extra"]
[Source "ChessBase"]
[SourceDate "2018.06.28"]
[SourceVersion "1"]
[SourceVersionDate "2018.06.28"]
[SourceQuality "1"]

1. c4 Nf6 2. Nc3 g6 3. g3 Bg7 4. Bg2 c5 5. e4 Nc6 6. Nge2 0-0 7. d3 d6 8. 0-0 Nh5 9. Be3 Nd4 10. h3 e5 11. g4 Qh4 12. gxh5 f5 13. f3 fxe4 14. Bf2 Qg5 15. Nxe4 Nxf3+ 16. Kh1 Qxh5 17. N2g3 Qh6 18. Bxf3 Bxh3 19. Kg1 Rxf3 20. Qxf3 Rf8 21. Qe3 Rf4 22. Ne2 Rg4+ 23. N4g3 Qh4 24. Qf3 Bh6 25. Qd5+ Kh8 26. Qxd6 Bxf1 27. Qxe5+ 1-0

[Event "Sant Adria op 14th"]
[Site "Sant Adria de Besos"]
[Date "2018.05.06"]
[Round "3.4"]
[White "Pena Mor, David"]
[Black "Serrano Pertinez, Miquel"]
[Result "0-1"]
[WhiteElo "2019"]
[BlackElo "2233"]
[PlyCount "80"]
[EventDate "2018.04.15"]
[EventType "swiss"]
[EventRounds "9"]
[EventCountry "ESP"]
[SourceTitle "EXT 2024"]
[Source "ChessBase"]
[SourceDate "2023.10.10"]
[SourceVersion "1"]
[SourceVersionDate "2023.10.10"]
[SourceQuality "1"]

1. d4 e6 2. c4 b6 3. Nc3 Bb7 4. Nf3 Bb4 5. g3 Nf6 6. Bg2 Ne4 7. Qc2 Bxc3+ 8. bxc3 Nd6 9. Qa4 0-0 10. 0-0 Be4 11. Ba3 Re8 12. Nd2 Bxg2 13. Kxg2 Nb7 14. Qc2 d6 15. e4 Nd7 16. f4 e5 17. fxe5 dxe5 18. Rae1 c5 19. d5 Nd6 20. Qd3 Qc8 21. Bc1 Qa6 22. a3 Qa4 23. Rf3 f5 24. Rxf5 Nxf5 25. exf5 Nf6 26. Ne4 Qd7 27. Bg5 Nxe4 28. Qxe4 h6 29. Bc1 Rf8 30. g4 Rae8 31. h3 a6 32. Rf1 Qd6 33. h4 b5 34. g5 bxc4 35. f6 Rd8 36. Qg6 Qxd5+ 37. Kg1 Qf7 38. Qe4 Qe6 39. Qg6 Qg4+ 40. Kh2 Qxh4+ 0-1

[Event "Foment Martinenc op-A 20th"]
[Site "Barcelona"]
[Date "2018.04.28"]
[Round "2"]
[White "Pena Mor, David"]
[Black "Catala Ulied, Guillem"]
[Result "0-1"]
[WhiteElo "1856"]
[BlackElo "1723"]
[PlyCount "84"]
[EventDate "2018.04.21"]
[EventType "swiss"]
[EventRounds "9"]
[EventCountry "ESP"]
[SourceTitle "CBM 184 Extra"]
[Source "ChessBase"]
[SourceDate "2018.06.28"]
[SourceVersion "1"]
[SourceVersionDate "2018.06.28"]
[SourceQuality "1"]

1. d4 Nf6 2. c4 g6 3. Nc3 Bg7 4. e4 d6 5. Nf3 0-0 6. Be2 e5 7. 0-0 Nc6 8. d5 Ne7 9. Ne1 a5 10. Nd3 Ne8 11. Rb1 f5 12. f3 Nf6 13. a3 f4 14. b4 axb4 15. axb4 g5 16. c5 h5 17. Qb3 g4 18. b5 b6 19. cxb6 cxb6 20. Nb4 h4 21. fxg4 Nxg4 22. h3 Nf6 23. Nc6 Qe8 24. Bf3 Bd7 25. Ba3 Nc8 26. Kh1 Qg6 27. Rg1 Kh8 28. Ra1 Rg8 29. Qc2 Bf8 30. Qf2 Qg5 31. Bb4 Rxa1 32. Rxa1 Nh5 33. Bxh5 Qxh5 34. Rg1 Rg3 35. Ne2 Re3 36. Nxf4 exf4 37. Qxf4 Bh6 38. Qf6+ Bg7 39. Qd8+ Qe8 40. Qxh4+ Kg8 41. Qg5 Qxe4 42. Qh5 Rxh3+ 0-1

[Event "Barcelona Primavera La Lira op 11th"]
[Site "Barcelona"]
[Date "2018.04.19"]
[Round "2"]
[White "Pena Mor, David"]
[Black "Fernandez Madrid, Carlos"]
[Result "0-1"]
[WhiteElo "1856"]
[BlackElo "2042"]
[PlyCount "42"]
[EventDate "2018.04.12"]
[EventType "swiss"]
[EventRounds "9"]
[EventCountry "ESP"]
[SourceTitle "CBM 184 Extra"]
[Source "ChessBase"]
[SourceDate "2018.06.28"]
[SourceVersion "1"]
[SourceVersionDate "2018.06.28"]
[SourceQuality "1"]

1. d4 Nf6 2. c4 e6 3. Nf3 Bb4+ 4. Bd2 Qe7 5. g3 Nc6 6. a3 Bxd2+ 7. Nbxd2 a5 8. Bg2 d6 9. 0-0 0-0 10. Qc2 e5 11. d5 Nb8 12. b4 e4 13. Ng5 e3 14. Nde4 exf2+ 15. Kxf2 Nxe4+ 16. Nxe4 axb4 17. axb4 Rxa1 18. Rxa1 f5 19. Nc3 f4 20. Bf3 Na6 21. Rb1 Bf5 0-1

[Event "Barcelona Sant Marti op 7th"]
[Site "Barcelona"]
[Date "2018.02.08"]
[Round "5"]
[White "Anguera Maestro, Jaime"]
[Black "Pena Mor, David"]
[Result "1/2-1/2"]
[WhiteElo "2012"]
[BlackElo "1867"]
[PlyCount "74"]
[EventDate "2018.01.11"]
[EventType "swiss"]
[EventRounds "9"]
[EventCountry "ESP"]
[SourceTitle "EXT 2019"]
[Source "ChessBase"]
[SourceDate "2018.10.10"]
[SourceVersion "1"]
[SourceVersionDate "2018.10.10"]
[SourceQuality "1"]

1. d4 d5 2. Nf3 Nf6 3. Bf4 e6 4. e3 c5 5. c3 Nc6 6. Nbd2 Bd6 7. Ne5 Qc7 8. Bb5 0-0 9. Bxc6 bxc6 10. 0-0 Nd7 11. Nxd7 Bxd7 12. Bxd6 Qxd6 13. f4 cxd4 14. cxd4 c5 15. Nb3 cxd4 16. Qxd4 Rfc8 17. Rfc1 Qb6 18. Rc5 Bb5 19. Rac1 Bc4 20. Rxc8+ Rxc8 21. Qxb6 axb6 22. Nd4 Ba6 23. Rxc8+ Bxc8 24. b4 f6 25. g3 Kf7 26. h4 Bd7 27. Kf2 h6 28. Nf3 Ke7 29. Ke1 Kd6 30. Kd2 e5 31. Kc3 Bg4 32. Ne1 g5 33. Nd3 Be2 34. Nb2 b5 35. a4 bxa4 36. Nxa4 Bb5 37. Nc5 Bc6 1/2-1/2

[Event "Barcelona Sant Marti op 7th"]
[Site "Barcelona"]
[Date "2018.01.18"]
[Round "2"]
[White "Pena Mor, David"]
[Black "Moreno Perez, Norberto"]
[Result "1/2-1/2"]
[WhiteElo "1867"]
[BlackElo "1857"]
[PlyCount "61"]
[EventDate "2018.01.11"]
[EventType "swiss"]
[EventRounds "9"]
[EventCountry "ESP"]
[SourceTitle "EXT 2019"]
[Source "ChessBase"]
[SourceDate "2018.10.10"]
[SourceVersion "1"]
[SourceVersionDate "2018.10.10"]
[SourceQuality "1"]

1. d4 d5 2. c4 e6 3. g3 Nf6 4. Bg2 c6 5. Nf3 Bd6 6. Qc2 Nbd7 7. 0-0 h6 8. Nbd2 0-0 9. b3 Re8 10. Bb2 Nf8 11. e4 dxe4 12. Nxe4 Nxe4 13. Qxe4 Nh7 14. Rfe1 a5 15. a3 Nf6 16. Qd3 Rb8 17. d5 exd5 18. Bxf6 gxf6 19. Rxe8+ Qxe8 20. Re1 Qf8 21. cxd5 cxd5 22. Nd4 Bxa3 23. Bxd5 Kg7 24. Nf5+ Bxf5 25. Qxf5 Qc8 26. Qxc8 Rxc8 27. Bxb7 Rc2 28. Ba6 Rc3 29. Re3 Rc1+ 30. Kg2 Bc5 31. Rf3 1/2-1/2

[Event "Barcelona Ideal Clave op 21st"]
[Site "Barcelona"]
[Date "2017.11.25"]
[Round "8"]
[White "Pena Mor, David"]
[Black "Costa Trave, Jaume"]
[Result "0-1"]
[WhiteElo "1887"]
[BlackElo "1771"]
[PlyCount "108"]
[EventDate "2017.09.30"]
[EventType "swiss"]
[EventRounds "8"]
[EventCountry "ESP"]
[SourceTitle "CBM 181 Extra"]
[Source "ChessBase"]
[SourceDate "2017.12.12"]
[SourceVersion "1"]
[SourceVersionDate "2017.12.12"]
[SourceQuality "1"]

1. d4 d5 2. c4 e5 3. dxe5 d4 4. Nf3 Nc6 5. a3 Be6 6. e3 dxe3 7. Qxd8+ Rxd8 8. Bxe3 Nge7 9. Nbd2 Ng6 10. Be2 Ngxe5 11. 0-0 Be7 12. b4 Bf6 13. Rad1 b6 14. c5 0-0 15. Ne4 Be7 16. cxb6 cxb6 17. Rc1 Nxf3+ 18. Bxf3 Nd4 19. Rc7 Nxf3+ 20. gxf3 Rd7 21. Rfc1 Rfd8 22. Kg2 f6 23. Bf4 h6 24. R1c3 Kf8 25. R7c6 Bd5 26. Rc7 g5 27. Rxd7 Rxd7 28. Bb8 f5 29. Ng3 Be6 30. Rc6 Kf7 31. Ne2 h5 32. Nc3 Rb7 33. Be5 a5 34. Bd6 Bd7 35. Rc7 Rxc7 36. Bxc7 axb4 37. axb4 b5 38. Nd5 Bf8 39. Ba5 Bc6 40. Ne3 Kg6 41. h3 g4 42. hxg4 hxg4 43. Kg3 Bxf3 44. Nc2 Be7 45. Nd4 Be4 46. Nxb5 Kg5 47. Kh2 Bd3 48. Nc3 Bd6+ 49. Kg1 f4 50. b5 Kh4 51. Bd8+ Kh3 52. b6 g3 53. fxg3 Bc5+ 54. Kh1 fxg3 0-1

[Event "Barcelona Ideal Clave op 21st"]
[Site "Barcelona"]
[Date "2017.10.21"]
[Round "3"]
[White "Montalban Colell, Bernat"]
[Black "Pena Mor, David"]
[Result "1-0"]
[WhiteElo "1770"]
[BlackElo "1887"]
[PlyCount "71"]
[EventDate "2017.09.30"]
[EventType "swiss"]
[EventRounds "8"]
[EventCountry "ESP"]
[SourceTitle "CBM 181 Extra"]
[Source "ChessBase"]
[SourceDate "2017.12.12"]
[SourceVersion "1"]
[SourceVersionDate "2017.12.12"]
[SourceQuality "1"]

1. Nf3 Nf6 2. g3 g6 3. Bg2 Bg7 4. 0-0 c5 5. c4 Nc6 6. Nc3 0-0 7. d3 d5 8. cxd5 Nxd5 9. Nxd5 Qxd5 10. Nd2 Qh5 11. Nf3 Bh3 12. Rb1 Bxg2 13. Kxg2 Rfd8 14. Bd2 Qd5 15. Qb3 Qxb3 16. axb3 Rac8 17. Bc3 Nd4 18. Bxd4 cxd4 19. Rfc1 a6 20. b4 Kf8 21. Rc5 Rxc5 22. bxc5 Ke8 23. b4 Rc8 24. Nd2 Kd7 25. Nc4 Ke6 26. Kf3 Be5 27. Re1 f5 28. e3 Kf6 29. Nxe5 Kxe5 30. exd4+ Kxd4 31. Rxe7 Kxd3 32. Rxb7 Kc4 33. Kf4 Rc6 34. Kg5 a5 35. bxa5 Kxc5 36. Rxh7 1-0

[Event "Barcelona Sant Marti op-B 19th"]
[Site "Barcelona"]
[Date "2017.07.17"]
[Round "5"]
[White "Pena Mor, David"]
[Black "Perez Garcia, Francisco Jose"]
[Result "1-0"]
[WhiteElo "1764"]
[BlackElo "1814"]
[PlyCount "67"]
[EventDate "2017.07.13"]
[EventType "swiss"]
[EventRounds "9"]
[EventCountry "ESP"]
[SourceTitle "EXT 2018"]
[Source "ChessBase"]
[SourceDate "2017.10.13"]
[SourceVersion "1"]
[SourceVersionDate "2017.10.13"]
[SourceQuality "1"]

1. d4 Nf6 2. c4 e6 3. Nc3 b6 4. e4 d6 5. Bg5 Be7 6. Nf3 0-0 7. Bd3 Nfd7 8. Bxe7 Qxe7 9. e5 Bb7 10. 0-0 dxe5 11. dxe5 Rd8 12. Re1 Nc6 13. Qb1 h6 14. a3 Na5 15. Be4 Bxe4 16. Qxe4 Qc5 17. Rac1 Qxc4 18. b4 Qxe4 19. Nxe4 Nb7 20. Rxc7 Rab8 21. h4 a5 22. Rd1 Nf8 23. Rxd8 Nxd8 24. Nd6 axb4 25. axb4 Ng6 26. g3 Kf8 27. h5 Ne7 28. Nd4 Nd5 29. Rc4 Ke7 30. b5 Kd7 31. Nc6 Nxc6 32. bxc6+ Kc7 33. Nb5+ Kc8 34. c7 1-0

[Event "Barcelona Sant Marti op-B 19th"]
[Site "Barcelona"]
[Date "2017.07.16"]
[Round "4"]
[White "Fabregas Fontanet, Antonio"]
[Black "Pena Mor, David"]
[Result "0-1"]
[WhiteElo "1903"]
[BlackElo "1764"]
[PlyCount "120"]
[EventDate "2017.07.13"]
[EventType "swiss"]
[EventRounds "9"]
[EventCountry "ESP"]
[SourceTitle "EXT 2018"]
[Source "ChessBase"]
[SourceDate "2017.10.13"]
[SourceVersion "1"]
[SourceVersionDate "2017.10.13"]
[SourceQuality "1"]

1. e4 e5 2. Nf3 Nc6 3. Bb5 a6 4. Ba4 Nf6 5. 0-0 Be7 6. Re1 b5 7. Bb3 d6 8. h3 Na5 9. c3 Nxb3 10. axb3 0-0 11. b4 Bb7 12. d3 Nd7 13. d4 exd4 14. Nxd4 Re8 15. Bf4 Bf8 16. Nd2 c5 17. bxc5 Nxc5 18. f3 Nd3 19. Bg3 Nxe1 20. Qxe1 g6 21. Rd1 Bg7 22. Qf2 d5 23. exd5 Qxd5 24. Ne4 Rad8 25. Bh4 Qe5 26. Bxd8 Rxd8 27. Qh4 f6 28. Re1 Rxd4 29. cxd4 Qxd4+ 30. Qf2 f5 31. Nc3 Qc4 32. Re8+ Kf7 33. Qe1 Bf6 34. Qe2 Qc6 35. Rb8 Bc8 36. Qd3 Be5 37. Rxc8 Qxc8 38. Qd5+ Qe6 39. Qb7+ Qe7 40. Qxa6 Bd4+ 41. Kh2 Qe5+ 42. g3 Qe1 43. Qb7+ Kf6 44. Nd5+ Kg5 45. Qe7+ Qxe7 46. f4+ Kh6 47. Nxe7 Bxb2 48. Nd5 Kg7 49. Kg2 Ba3 50. Nc3 b4 51. Nb1 Bc1 52. Kf3 h6 53. Ke2 b3 54. Kd1 b2 55. Nc3 g5 56. fxg5 hxg5 57. Kc2 f4 58. g4 f3 59. Ne4 Kf7 60. Nc3 f2 0-1

[Event "Sant Adria de Besos op 13th"]
[Site "Sant Adria de Besos"]
[Date "2017.05.21"]
[Round "5"]
[White "Pena Mor, David"]
[Black "Serrano Pertinez, Miquel"]
[Result "0-1"]
[WhiteElo "1903"]
[BlackElo "2250"]
[PlyCount "48"]
[EventDate "2017.04.23"]
[EventType "swiss"]
[EventRounds "9"]
[EventCountry "ESP"]
[SourceTitle "EXT 2018"]
[Source "ChessBase"]
[SourceDate "2017.10.13"]
[SourceVersion "1"]
[SourceVersionDate "2017.10.13"]
[SourceQuality "1"]

1. d4 b6 2. e4 e6 3. Nf3 Bb7 4. Bd3 c5 5. c3 Nf6 6. Nbd2 Nc6 7. 0-0 cxd4 8. cxd4 Nb4 9. Bb1 Ba6 10. Re1 Nd3 11. Bxd3 Bxd3 12. Qb3 Ba6 13. d5 Bc5 14. e5 Nxd5 15. Ne4 Bb4 16. Nfg5 h6 17. Qf3 hxg5 18. Bxg5 Qb8 19. Rad1 Bb7 20. Rxd5 Bxd5 21. Nf6+ gxf6 22. Qxf6 Rg8 23. a3 Rxg5 24. axb4 Rxg2+ 0-1